00553nam a2200145 i 450000100060000000300090000600700030001500800410001824501620005926000310022130000220025250000560027471000460033085200310037645129ES-MaACLt|030325s1972 sp ||||1| spa d00aCirculares relacionadas con la ley de peligrosidad y rehabilitación social, de 4 de agosto de 1970 y Reglamento para su aplicación de 13 de mayo de 1971. aMadrid : bAbella, c1972. a305 p. ; c22 cm. aPrecede al tít.: Fiscalía del Tribunal Supremo.1 aEspaña. bTribunal Supremo. bFiscalia. aES-MaACLjE-7734 bR.92062